Klim Samgin'in yaşamı : (Record no. 13921)

MARC details
000 -BAŞLIK
Sabit Uzunlukta Kontrol Alanı 00800nam a22002537a 4500
999 ## - SİSTEM KONTROL NUMARALARI (KOHA)
Koha Biblionumber 13921
Koha Biblioitemnumber 13921
003 - KONTROL NUMARASI IDENTIFIER
Denetim Alanı MIRAKIL
005 - SON İŞLEM TARİHİ VE ZAMANI
Denetim Alanı 20200818151948.0
008 - SABİT-BOY VERİ ELEMANLARI - GENEL BİLGİLER
Sabit Uzunlukta Kontrol Alanı 200818b tu ||||| |||| 00| 0 tur d
020 ## - ULUSLARARASI STANDART KİTAP NUMARASI
Uluslararası Standart Kitap Numarası 9789756106440 (t.k)
020 ## - ULUSLARARASI STANDART KİTAP NUMARASI
Uluslararası Standart Kitap Numarası 9789756106457 ( c.1)
020 ## - ULUSLARARASI STANDART KİTAP NUMARASI
Uluslararası Standart Kitap Numarası 9789756106488 (c.4)
040 ## - KATALOGLAMA KAYNAK
Orijinal Kataloglama Ajansı TR-AnCHP
Metne Dönüştürmek Ajansı TR-AnCHP
041 ## - DİL KODU
Metin / Ses Parça Veya Ayrı Başlığın Dil Kodu tur
082 ## - DEWEY ONLU SINIFLANDIRMA NUMARASI
Sınıflandırma Numarası 891.73
Ürün Numarası G66k 2007
100 ## - ANA GİRİŞ - KİŞİSEL İSİM
Kişisel Ad Gorki, Maksim
245 10 - BAŞLIK TABLOSU
Başlık Klim Samgin'in yaşamı :
Başlığın Kalan 40 Yıl /
Sorumluluk Tablosu, Vb Maksim Gorkiy ; çeviren Melaike Hüseyin, Ö. Aydın Süer
260 ## - YAYIN, DAĞITIM, VB
Yayın, Dağıtım, Vb Yeri İstanbul:
Yayıncı, Dağıtıcı, Vs Adı Evrensel Basım Yayın,
Yayın, Dağıtım, Vb Tarihi 2007.
300 ## - FİZİKSEL TANIM
Kapsam 4 c.:
Boyutlar 19 sm.
490 ## - SERİSİ TABLOSU
Seri Beyanı Evrensel Basım Yayın;
Hacim / Ardışık Tanımı 314.
650 #0 - KONU KATMA GİRİŞ - TOPİKAL DÖNEM
9 (RLIN) 5112
Topikal Süreli Veya Coğrafi Ad Giriş Elemanı Rus Edebiyatı
Genel Alt Bölümü Roman
700 ## - KATMA GİRİŞ - KİŞİSEL İSİM
9 (RLIN) 6419
Kişisel Ad Hüseyin, Melaike
Relator Terim çev.
700 ## - KATMA GİRİŞ - KİŞİSEL İSİM
9 (RLIN) 6420
Kişisel Ad Süer, Ö. Aydın
Relator Terim çev.
942 ## - EKLENDİ GİRİŞ ELEMANLARI (KOHA)
Sınıflandırma Veya Raf Düzeni Kaynak Dewey Decimal Classification
Koha Öğesi Türü Books
Holdings
Kalıcı Konum Mevcut Konum Edinme Tarihi Toplam Check-Out'Lar Tam Çağrı Numarası Barkod Tarih Son Görülme Tarihi Geçen Teslim Tekdüzen Kaynak Tanımlayıcı İtibaren Geçerli Fiyatlar Sigara Kamu Notu Koha Öğesi Türü
CHP Kütüphanesi CHP Kütüphanesi 08/18/2020 1 891.73 G66k 2007 019396 11/14/2022 10/26/2022 c.1 08/18/2020 Emine Başak Alkan Bağışıdır. Books
CHP Kütüphanesi CHP Kütüphanesi 08/18/2020   891.73 G66k 2007 019397 08/18/2020   c.4 08/18/2020 Emine Başak Alkan Bağışıdır. Books
CHP Kütüphanesi CHP Kütüphanesi 08/19/2020   891.73 G66k 2007 019406 08/19/2020   c.2 08/19/2020 Emine Başak Alkan Bağışıdır. Books
CHP Kütüphanesi CHP Kütüphanesi 08/19/2020   891.73 G66k 2007 019407 08/19/2020   c.3 08/19/2020 Emine Başak Alkan Bağışıdır. Books